000
00365nam a2200121Ia 4500
008
151001s9999||||xx |||||||||||||| ||und||
100
_a
राम मनोहर लोहिया
245
_a
ललित लेणी
250
_a
1
260
_b
प्रेस्टीज पब्लिकेशन पुणे
300
_a
144
365
_b
21
999
_c
973708
_d
973705